Sanoja Osavaltioiden Nimissä - Suomi #2 - Statistics

Yleistilastot
  • Tätä visaa on pelattu 177 kertaa
    176 viimeisimmän päivityksen jälkeen
  • Keskiarvotulos 10 / 16
Vastaustilastot
Sana Osavaltio % Oikein
ansa Arkansas, Kansas
94%
sissi Mississippi
92%
sota Minnesota
86%
aine Maine
79%
sippi Mississippi
79%
alas Alaska
76%
arka Arkansas
76%
länsi Länsi Virginia
69%
tana Montana
62%
massa Massachusetts
50%
aho Oklahoma
50%
enne Tennessee
49%
ali Kalifornia
38%
aro Etelä tai Pohjois Carolina
37%
ego Oregon
37%
ori Florida
28%
Ehtoja vastaavia visoja ei löytynyt
Tulosjakauma
Jokaisen tuloksen saaneiden osuus
Persentiili vastausten määrän mukaan
Tuloshistoriasi
Et ole pelannut tätä visaa sen viimeisimmän päivityksen jälkeen